00522nam a2200193Ia 4500008004100000041001200041082001100053100004700064245003800111260003400149300000800183365000700191520001400198546001200212630003800224650001400262655001400276730003800290101110s9999 xx 000 0 und d aENGLISH bJR5817 aKhan T.H., Vira B.D., Marwah D.J. & others aSystematic chemistry for Std. XII c2008bUttam Prakashan, Mumbai a432 b78 aChemistry aENGLISH aSystematic chemistry for Std. XII aChemistry aChemistry aSystematic chemistry for Std. XII